000 00600nam a2200181Ia 4500
003 GCL
005 20240530105126.0
008 140319s9999 xx 000 0 ara d
040 _aGCL /
_cGCL
082 0 4 _a935.02
_bف ا
100 1 _aفيروللو ، شارل
245 1 0 _aاساطير بابل وكنعان /
_cفيروللو ، شارل ، تعريب ماجد خير
260 _aدمشق :
_bمطبعة الكاتب العربى ،
_c1990
300 _a121ص :
_bصور ؛
_c24سم
650 0 4 _aالاساطير القديمة
700 _aماجد خير
_eمترجم
942 _2ddc
_cBK
999 _c53366
_d53366